000 00459nam a2200181Ia 4500
008 231217s9999 xx 000 0 und d
020 _a8178080370
041 _aEnglish
082 _a001.6424 SOM;68
100 _aSommerville, Ian
245 0 _aSoftware engineering
250 _a5th ed.
260 _c1996
_bPearson
_aDelhi
300 _axvi+742
400 _aInternational computer science series
650 _aSoftware,engineering
942 _cAA
999 _c178065
_d178065